LDR 00678naa#a2200181#i#450# 001 EN\\bibl\122953 005 20260513051445.3 011 ## _a2409-1073 100 ## _a20231220b2023####ek#y0engy0150####ca 102 ## _aRU 200 1# _aDiagnostics of mesoeconomic systems in Russia under conditions of transition to Industry 5.0 _eJournal article 210 1# _aMoscow _cNational Research University of Electronic Technology _d2023 215 ## _a0 с. 608 ## _aJournal article _2local 675 ## _aРегиональная экономика. Территориальная экономика. 332.1 _z 700 #1 _aGalimulina _gFarida F. 700 #1 _aShinkevich _gMarina V. 856 4# _aesgi-journal.ru _u